|
|
|
|
| LEADER |
00000nab a2200000 a 4500 |
| 001 |
vtls000795236 |
| 003 |
SK-MaSNL |
| 005 |
20260304105557.0 |
| 008 |
250429c2002 xo 0 slo |
| 015 |
|
|
|a SNBRB2002/05-17109
|
| 035 |
|
|
|a CLN000146891
|
| 035 |
|
|
|a urn:nbn:sk:snk-abnw8
|
| 035 |
|
|
|a (urnnbn)urn:nbn:sk:snk:ar-003967
|
| 035 |
|
|
|a (uuid)0449aede-f173-453d-b618-95f7b0d0ceba
|
| 040 |
|
|
|a SNKBUCL
|b slo
|c SNKBUCL
|e AACR2
|
| 041 |
0 |
|
|a hun
|
| 044 |
|
|
|a xo
|c SK
|
| 080 |
|
|
|a 82:929:885.4
|2 1997
|
| 080 |
|
|
|a 885.4:929
|2 1997
|
| 080 |
|
|
|a 929 Vilikovský, Pavel
|2 1997
|
| 245 |
0 |
0 |
|a Pavel Vilikovský
|
| 300 |
|
|
|b Fotogr.
|
| 500 |
|
|
|a Na stranách 88-95 sú recenzie románu Kôň na poschodí, slepec vo Vrábľoch, ktorý vyšiel vo francúzštine s názvom Un cheval dans l'escalier, Paris, Nadeau, 1997, v preklade Petra Brabenca
|
| 600 |
1 |
7 |
|a Vilikovský, Pavel,
|d 1941-2020
|2 snkbucl
|9 89818
|
| 655 |
|
7 |
|a články z novín a časopisov
|2 snkbucl
|9 267496
|
| 773 |
0 |
|
|t Kalligram
|g Č. 4 (2002), s. 2
|x 1335-1826
|
| 850 |
|
|
|a Slovenská národná knižnica
|
| 852 |
|
|
|a Slovenská národná knižnica
|
| 958 |
|
|
|a article27
|
| 958 |
|
|
|a OND
|
| 958 |
|
|
|a BX
|
| 958 |
|
|
|a SK
|
| 958 |
|
|
|a LX
|
| 992 |
|
|
|a RBX
|
| 999 |
|
|
|c 2856220
|d 2858150
|